Top 30 : Franglish - Statistiques

Statistiques générales
  • Ce quiz a été pris 23 fois
  • Le résultat moyen est 10 sur 30
Statistiques - réponses
Top Titres Featuring % Correct
2 Boucan KeBlack
82%
3 My Salsa Tory Lanez
82%
4 Django Dadju
65%
1 Position
65%
21 Biberon Leto, Tiakola
59%
17 Dans La Chambre / Money L2B
59%
8 C'est plus l'heure Dadju, Vegeta
47%
11 La Pluie Dinos
47%
20 Money L2B
47%
6 Trop parler
41%
7 Bolingo
35%
19 Djo Aya Nakamura, Hamza
35%
5 Trucs de choses Gradur
35%
25 Béton Rsko
29%
18 Nous 2
29%
30 Yoyo / Petit coeur
29%
22 GO Gazo, Landy
24%
12 Mano
24%
9 Sans moi Aya Nakamura
24%
24 Si t'es pas là
24%
15 Squad
24%
23 Comme ça Dadju
18%
27 Déçu Soolking
18%
28 Donna Imma
18%
16 Ensemble
18%
13 Sécu Ninho
18%
10 Tigini - Remix Kikimoteleba
18%
29 Baby Mama
12%
14 Ça c'est bien DYSTINCT
6%
26 Excuse My French L'Algérino
6%
Aucun quiz correspondant
Distribution des résultats
% des personnes avec chaque résultat
Percentile par nombre de réponses
Votre historique - résultats
Vous n’avez pas pris ce quiz